000 00191nam a22000857a 4500
008 161216b xxu||||| |||| 00| 0 eng d
100 _92087
_aDavis.T.
245 _aRed Letters
260 _aUSA
_c2007
999 _c4966
_d4966